Bailes chinos: aspectos musicales y coreográficos en tres fiestas religiosas de Aconcagua

-д хадгалсан:
Номзүйн дэлгэрэнгүй
Үндсэн зохиолч: Bórquez Silva, Luis Eduardo (Зохиогч)
Формат: Ном
Хэл сонгох:испани
Хэвлэсэн: Estocolmo Förlaget Latinoamericana 1997
Цуврал:Colección Apuntes, 29
Нөхцлүүд:
Шошгууд: Шошго нэмэх
Шошго байхгүй, Энэхүү баримтыг шошголох эхний хүн болох!

MARC

LEADER 00000nam a2200000 a 4500
001 UCN0915
003 CL-VaPUC
008 010406e19970300SW |||||||||||||||||spa|d
082 0 4 |a 793.31983  |b BOR  |2 21 
100 0 |a Bórquez Silva, Luis Eduardo  |e author  |9 456282 
245 1 0 |a Bailes chinos: aspectos musicales y coreográficos en tres fiestas religiosas de Aconcagua 
300 |a 126 p 
942 |c BK 
945 |d 20010406 00:00:00  |a crobeson 
260 |a Estocolmo  |b Förlaget Latinoamericana  |c 1997 
650 0 |a Danzas populares  |9 373373 
650 0 |a Danzas folklóricas  |9 330042 
650 0 |a Fiestas religiosas  |9 349319 
650 0 |a Música folklórica  |9 306412 
650 0 |a Coreografía  |9 312567 
650 0 |a Organología  |9 306545 
651 0 |a Valle del Aconcagua  |9 456283 
651 7 |a CHILE  |2 CL-VaPUC  |9 456284 
583 |a last modification  |c 20140410 07:37:42  |k Rodrigo Vera 
490 0 |a Colección Apuntes, 29 
999 |c 294527  |d 294525 
952 |0 0  |1 0  |4 0  |6 793_319830000000000_BOR_1997  |7 0  |8 A  |9 347016  |a BIBEDU  |b BIBEDU  |d 2019-11-20  |i 1247549  |o 793.31983 BOR 1997  |p 1247549  |r 2023-01-12  |w 2019-11-20  |y BK  |k MUS 
952 |0 0  |1 0  |4 0  |6 793_319830000000000_BOR_1997  |7 0  |8 X  |9 347017  |a FDOMLP  |b FDOMLP  |d 2019-11-20  |i 4420284  |o 793.31983 BOR 1997  |p 4420284  |r 2019-11-20  |w 2019-11-20  |y BK_X  |k BU2